Battle of New Orleans descriptive account, (Record no. 41479)

MARC details
000 -LEADER
fixed length control field 00847cpcaa22002417a 4500
001 - CONTROL NUMBER
control field mm 79004299
003 - CONTROL NUMBER IDENTIFIER
control field DLC
005 - DATE AND TIME OF LATEST TRANSACTION
control field 20260227111645.0
008 - FIXED-LENGTH DATA ELEMENTS--GENERAL INFORMATION
fixed length control field 790906|||||||||||| eng
010 ## - LIBRARY OF CONGRESS CONTROL NUMBER
LC control number mm 79004299
040 ## - CATALOGING SOURCE
Original cataloging agency DLC
Transcribing agency DLC
Description conventions dacs
Modifying agency DLC
072 #7 - SUBJECT CATEGORY CODE
Subject category code C
Source lcmd
245 00 - TITLE STATEMENT
Title Battle of New Orleans descriptive account,
Inclusive dates 1814-1815.
300 ## - PHYSICAL DESCRIPTION
Extent 1
Type of unit item.
506 0# - RESTRICTIONS ON ACCESS NOTE
Terms governing access Open to research.
533 ## - REPRODUCTION NOTE
Type of reproduction Typewritten transcript.
Place of reproduction [S.l.].
546 ## - LANGUAGE NOTE
Language note Collection material in English.
580 ## - LINKING ENTRY COMPLEXITY NOTE
Linking entry complexity note Forms part of: Miscellaneous Manuscripts collection.
650 #0 - SUBJECT ADDED ENTRY--TOPICAL TERM
Topical term or geographic name entry element New Orleans, Battle of, New Orleans, La., 1815.
651 #0 - SUBJECT ADDED ENTRY--GEOGRAPHIC NAME
Geographic name Louisiana
General subdivision History
Chronological subdivision War of 1812.

No items available.

Powered by Koha